000 00525nam a2200157 i 4500
001 58842
003 ES-MaACL
005 20230906163912.0
007 t|
008 031024s1966 sp ||||1| spa d
100 1 _aEcheverría, Lamberto de.
_946577
245 1 0 _aHistoriografía de la Universidad de Salamanca /
_cpor Lamberto de Echeverría.
260 _aSalamanca :
_bAsociacion de Antiguos Alumnos y Amigos de la Universidad de Salamanca,
_c1966.
300 _a30 p. ;
_c21 cm.
852 _aES-MaACL
_j2042-F-24
_bR.62522
999 _c58842
_d58842